| 000 | 00609nam a2200217Ia 4500 | ||
|---|---|---|---|
| 008 | 160319s9999 xx 000 0 und d | ||
| 020 | _a971-584-405-7 | ||
| 050 | _aFIL QP 34.5 | ||
| 050 | _b.L43 2005 c.2 | ||
| 245 | _aLecture notes in integrative physiology / | ||
| 245 | _cedited by Teresita Joy P. Evangelista, Maria Salome N. Vios, Xenia T. Tigno. | ||
| 250 | _a2nd Edition | ||
| 260 | _aQuezon City: | ||
| 260 | _bC & E Pub. Inc., | ||
| 260 | _c2005 | ||
| 300 | _a413 pages : | ||
| 300 | _billustrations ; | ||
| 300 | _c22 cm. | ||
| 500 | _aIncludes index. | ||
| 650 | _aHuman physiology. | ||
| 999 |
_c291944 _d291944 |
||